<?xml version="1.0" encoding="UTF-8"?>
<record
    xmlns:xsi="http://www.w3.org/2001/XMLSchema-instance"
    xsi:schemaLocation="http://www.loc.gov/MARC21/slim http://www.loc.gov/standards/marcxml/schema/MARC21slim.xsd"
    xmlns="http://www.loc.gov/MARC21/slim">

  <leader>00345nam a2200145Ia 4500</leader>
  <controlfield tag="008">191201s2012    xx            000 0 und d</controlfield>
  <datafield tag="082" ind1=" " ind2=" ">
    <subfield code="a">006.32</subfield>
    <subfield code="b">HAN</subfield>
  </datafield>
  <datafield tag="100" ind1=" " ind2=" ">
    <subfield code="a">HAYKIN,Simon</subfield>
  </datafield>
  <datafield tag="245" ind1=" " ind2="0">
    <subfield code="a">Neural Networks and Learning Machines</subfield>
  </datafield>
  <datafield tag="250" ind1=" " ind2=" ">
    <subfield code="a">Rep</subfield>
  </datafield>
  <datafield tag="260" ind1=" " ind2=" ">
    <subfield code="a">N. Delhi</subfield>
    <subfield code="b">PHI</subfield>
    <subfield code="c">2012</subfield>
  </datafield>
  <datafield tag="300" ind1=" " ind2=" ">
    <subfield code="a">906</subfield>
  </datafield>
  <datafield tag="650" ind1=" " ind2=" ">
    <subfield code="a">M.Tech(CSE)</subfield>
  </datafield>
  <datafield tag="942" ind1=" " ind2=" ">
    <subfield code="2">ddc</subfield>
    <subfield code="c">BK</subfield>
  </datafield>
  <datafield tag="999" ind1=" " ind2=" ">
    <subfield code="c">5431</subfield>
    <subfield code="d">5431</subfield>
  </datafield>
  <datafield tag="952" ind1=" " ind2=" ">
    <subfield code="0">0</subfield>
    <subfield code="1">0</subfield>
    <subfield code="2">ddc</subfield>
    <subfield code="4">0</subfield>
    <subfield code="7">0</subfield>
    <subfield code="8">BTECHCSE</subfield>
    <subfield code="a">PIET</subfield>
    <subfield code="b">PIET</subfield>
    <subfield code="d">2012-07-18</subfield>
    <subfield code="e">IBH, New Delhi</subfield>
    <subfield code="g">450.00</subfield>
    <subfield code="k">5735</subfield>
    <subfield code="l">1</subfield>
    <subfield code="o">006.32 HAN</subfield>
    <subfield code="p">20517</subfield>
    <subfield code="r">2023-09-23 00:00:00</subfield>
    <subfield code="s">2023-09-20</subfield>
    <subfield code="w">2012-07-14</subfield>
    <subfield code="y">BK</subfield>
  </datafield>
  <datafield tag="952" ind1=" " ind2=" ">
    <subfield code="0">0</subfield>
    <subfield code="1">0</subfield>
    <subfield code="2">ddc</subfield>
    <subfield code="4">0</subfield>
    <subfield code="7">0</subfield>
    <subfield code="8">BTECHCSE</subfield>
    <subfield code="a">PIET</subfield>
    <subfield code="b">PIET</subfield>
    <subfield code="d">2012-07-18</subfield>
    <subfield code="e">IBH, New Delhi</subfield>
    <subfield code="g">450.00</subfield>
    <subfield code="k">5735</subfield>
    <subfield code="l">2</subfield>
    <subfield code="o">006.32 HAN</subfield>
    <subfield code="p">20518</subfield>
    <subfield code="r">2023-01-17 00:00:00</subfield>
    <subfield code="s">2022-08-31</subfield>
    <subfield code="w">2012-07-14</subfield>
    <subfield code="y">BK</subfield>
  </datafield>
  <datafield tag="952" ind1=" " ind2=" ">
    <subfield code="0">0</subfield>
    <subfield code="1">0</subfield>
    <subfield code="2">ddc</subfield>
    <subfield code="4">0</subfield>
    <subfield code="7">0</subfield>
    <subfield code="8">BTECHCSE</subfield>
    <subfield code="a">PIET</subfield>
    <subfield code="b">PIET</subfield>
    <subfield code="d">2012-07-18</subfield>
    <subfield code="e">IBH, New Delhi</subfield>
    <subfield code="g">450.00</subfield>
    <subfield code="k">5735</subfield>
    <subfield code="l">0</subfield>
    <subfield code="o">006.32 HAN</subfield>
    <subfield code="p">20519</subfield>
    <subfield code="r">2019-12-04 00:00:00</subfield>
    <subfield code="w">2012-07-14</subfield>
    <subfield code="y">BK</subfield>
  </datafield>
  <datafield tag="952" ind1=" " ind2=" ">
    <subfield code="0">0</subfield>
    <subfield code="1">0</subfield>
    <subfield code="2">ddc</subfield>
    <subfield code="4">0</subfield>
    <subfield code="7">0</subfield>
    <subfield code="8">BTECHCSE</subfield>
    <subfield code="a">PIET</subfield>
    <subfield code="b">PIET</subfield>
    <subfield code="d">2012-07-18</subfield>
    <subfield code="e">IBH, New Delhi</subfield>
    <subfield code="g">450.00</subfield>
    <subfield code="k">5735</subfield>
    <subfield code="l">0</subfield>
    <subfield code="o">006.32 HAN</subfield>
    <subfield code="p">20520</subfield>
    <subfield code="r">2019-12-04 00:00:00</subfield>
    <subfield code="w">2012-07-14</subfield>
    <subfield code="y">BK</subfield>
  </datafield>
  <datafield tag="952" ind1=" " ind2=" ">
    <subfield code="0">0</subfield>
    <subfield code="1">0</subfield>
    <subfield code="2">ddc</subfield>
    <subfield code="4">0</subfield>
    <subfield code="7">0</subfield>
    <subfield code="8">BTECHCSE</subfield>
    <subfield code="a">PIET</subfield>
    <subfield code="b">PIET</subfield>
    <subfield code="d">2012-07-18</subfield>
    <subfield code="e">IBH, New Delhi</subfield>
    <subfield code="g">450.00</subfield>
    <subfield code="k">5735</subfield>
    <subfield code="l">0</subfield>
    <subfield code="o">006.32 HAN</subfield>
    <subfield code="p">20521</subfield>
    <subfield code="r">2019-12-04 00:00:00</subfield>
    <subfield code="w">2012-07-14</subfield>
    <subfield code="y">BK</subfield>
  </datafield>
</record>
